Un privilegio sagrado (Record no. 932)

MARC details
000 -CABECERA
campo de control de longitud fija 01276nam a2200253 a 4500
001 - NÚMERO DE CONTROL
campo de control BRCA_1053
005 - FECHA Y HORA DE LA ÚLTIMA TRANSACCIÓN
campo de control 20190320203247.0
008 - DATOS DE LONGITUD FIJA--INFORMACIÓN GENERAL
campo de control de longitud fija 140408s2005----mx-a---###---#000-0#spa-#
020 ## - NÚMERO INTERNACIONAL ESTÁNDAR DEL LIBRO
Número Internacional Estándar del Libro 9685538093
050 #4 - SIGNATURA TOPOGRÁFICA DE LA BIBLIOTECA DEL CONGRESO
Número de clasificación N8070
Número de documento/Ítem .P77 2005
245 10 - MENCIÓN DE TÍTULO
Título Un privilegio sagrado
Resto del título la concepción de María Inmaculada. La celebración del dogma en México = A Sacred Privilege : The Conception of Mary Immaculate. The Celebration of Dogma in Mexico.
260 ## - PUBLICACIÓN, DISTRIBUCIÓN, ETC.
Lugar de publicación, distribución, etc. México
Nombre del editor, distribuidor, etc. Museo de la Basílica de Guadalupe
Fecha de publicación, distribución, etc. 2005
300 ## - DESCRIPCIÓN FÍSICA
Extensión 351 p.
Otras características físicas il. a color
Dimensiones 28 cm.
500 ## - NOTA GENERAL
Nota general Catálogo de la exposición realizada en el Museo de la Basílica de Guadalupe (Ciudad de México), diciembre 2005 - marzo 2006 y en el Museo de Guadalupe (Zacatecas, México), abril - junio, 2006
500 ## - NOTA GENERAL
Nota general 2do. ejemplar en el Área de Investigación
504 ## - NOTA DE BIBLIOGRAFÍA, ETC.
Nota de bibliografía, etc. Bibliografía : p. 317-326
546 ## - NOTA DE LENGUA/LENGUAJE
Nota de lengua/lenguaje Texto en : español e inglés
650 14 - PUNTO DE ACCESO ADICIONAL DE MATERIA--TÉRMINO DE MATERIA
Término de materia o nombre geográfico como elemento de entrada Virgen de la Inmaculada Concepción
Subdivisión general En la pintura y escultura
9 (RLIN) 3471
650 14 - PUNTO DE ACCESO ADICIONAL DE MATERIA--TÉRMINO DE MATERIA
Término de materia o nombre geográfico como elemento de entrada Virgen de la Inmaculada Concepción
Subdivisión general Iconografía
9 (RLIN) 3472
650 14 - PUNTO DE ACCESO ADICIONAL DE MATERIA--TÉRMINO DE MATERIA
Término de materia o nombre geográfico como elemento de entrada Ineffabilis Deus (Bula Papal)
Subdivisión general 1854
9 (RLIN) 3473
650 14 - PUNTO DE ACCESO ADICIONAL DE MATERIA--TÉRMINO DE MATERIA
Término de materia o nombre geográfico como elemento de entrada Arte cristiano
9 (RLIN) 3474
740 0# - PUNTO DE ACCESO ADICIONAL--TÍTULO RELACIONADO O ANALÍTICO NO CONTROLADO
Título relacionado o analítico no controlado A Sacred Privilege : The Conception of Mary Immaculate. The Celebration of Dogma in Mexico
942 ## - ELEMENTOS DE PUNTO DE ACCESO ADICIONAL (KOHA)
Fuente del sistema de clasificación o colocación Library of Congress Classification
Tipo de ítem Koha Libros
Holdings
Estado de retiro Estado de pérdida Estado dañado No para préstamo Localización permanente Ubicación/localización actual Fecha de adquisición Total de préstamos Signatura topográfica completa Código de barras Fecha visto por última vez Precio válido a partir de Tipo de ítem Koha Código de colección
El ejemplar forma parte de la colección y puede ser consultado según las políticas vigentes.       Biblioteca del Museo Franz Mayer (Rogerio Casas-Alatriste) Biblioteca del Museo Franz Mayer (Rogerio Casas-Alatriste) 26/06/2008   N8070 .P77 2005 01540 22/03/2019 22/03/2019 Libros  
El ejemplar forma parte de la colección y puede ser consultado según las políticas vigentes.       Biblioteca del Museo Franz Mayer (Rogerio Casas-Alatriste) Biblioteca del Museo Franz Mayer (Rogerio Casas-Alatriste) 26/09/2018   N8070 .P77 2005 02990 22/03/2019 22/03/2019 Libros Acervo General